000 00532nam a22001817a 4500
999 _c532961
_d532961
003 NUST
005 20191209124033.0
008 191209b ||||| |||| 00| 0 eng d
020 _a978-3-659-42147-1
024 _a3659421472
038 _aMSOHAIL
082 _a624 EL
100 _aHintsa Libsekal Gebremariam
_926605
245 _aTowards Improved Design of Diversion Structures in Spate Irrigation......................\
260 _aGermany
_bLAP LAMBERT Academic Publishing
_cc2015
300 _a67,p;
942 _2ddc
_cBK